[Event "Deutsche Ländermeisterschaft 2023"]
[Site "Hannover GER"]
[Date "2023.10.05"]
[Round "7"]
[White "Dodul, Arthur"]
[Black "Pohle, Saskia"]
[Result "1/2-1/2"]
[Termination "normal"]
[Board "6.5"]
[WhiteElo "1604"]
[BlackElo "1849"]
[WhiteClock "00:10:37"]
[BlackClock "00:12:46"]
[WhiteTeam "Brandenburg"]
[BlackTeam "Sachsen-Anhalt"]
[PlyCount "63"]
[WhiteFideId "34609016"]
[BlackFideId "16201604"]
[EventCountry "GER"]
[EventRounds "7"]
[EventType "team-swiss"]
[EventDate "2023.09.30"]

1. e4 {[%clk 01:30:57]} {[%emt 00:00:03]} e5 {[%clk 01:30:55]} {[%emt
00:00:05]} 2. Nf3 {[%clk 01:30:29]} {[%emt 00:00:58]} Nc6 {[%clk 01:31:19]}
{[%emt 00:00:06]} 3. Bc4 {[%clk 01:30:05]} {[%emt 00:00:52]} Nf6 {[%clk
01:31:43]} {[%emt 00:00:08]} 4. d3 {[%clk 01:30:12]} {[%emt 00:00:23]} Be7
{[%clk 01:32:06]} {[%emt 00:00:07]} 5. O-O {[%clk 01:30:30]} {[%emt 00:00:11]}
O-O {[%clk 01:32:32]} {[%emt 00:00:05]} 6. Re1 {[%clk 01:30:44]} {[%emt
00:00:16]} d6 {[%clk 01:32:52]} {[%emt 00:00:10]} 7. a4 {[%clk 01:31:05]}
{[%emt 00:00:09]} Be6 {[%clk 01:30:37]} {[%emt 00:02:46]} 8. Bxe6 {[%clk
01:27:37]} {[%emt 00:03:58]} fxe6 {[%clk 01:31:00]} {[%emt 00:00:06]} 9. Ng5
{[%clk 01:26:57]} {[%emt 00:01:10]} Qd7 {[%clk 01:31:06]} {[%emt 00:00:24]} 10.
c3 {[%clk 01:27:11]} {[%emt 00:00:16]} d5 {[%clk 01:24:22]} {[%emt 00:07:14]}
11. Na3 {[%clk 01:19:33]} {[%emt 00:08:09]} Rad8 {[%clk 01:20:53]} {[%emt
00:03:58]} 12. Qc2 {[%clk 01:17:49]} {[%emt 00:02:12]} Nh5 {[%clk 01:03:41]}
{[%emt 00:17:45]} 13. Nf3 {[%clk 01:13:30]} {[%emt 00:04:49]} Nf4 {[%clk
01:01:44]} {[%emt 00:02:27]} 14. Bxf4 {[%clk 01:09:18]} {[%emt 00:04:42]} Rxf4
{[%clk 01:00:06]} {[%emt 00:02:07]} 15. b4 {[%clk 01:05:27]} {[%emt 00:04:21]}
Bd6 {[%clk 00:54:31]} {[%emt 00:06:05]} 16. b5 {[%clk 01:03:40]} {[%emt
00:02:18]} Ne7 {[%clk 00:53:34]} {[%emt 00:01:26]} 17. exd5 {[%clk 00:58:48]}
{[%emt 00:05:23]} exd5 {[%clk 00:53:54]} {[%emt 00:00:10]} 18. Nxe5 {[%clk
00:58:45]} {[%emt 00:00:33]} Qf5 {[%clk 00:53:31]} {[%emt 00:00:53]} 19. d4
{[%clk 00:56:14]} {[%emt 00:03:01]} Qg5 {[%clk 00:50:54]} {[%emt 00:03:07]} 20.
Qd2 {[%clk 00:45:37]} {[%emt 00:11:03]} Rdf8 {[%clk 00:46:57]} {[%emt
00:04:30]} 21. Nd3 {[%clk 00:39:06]} {[%emt 00:06:57]} Ng6 {[%clk 00:44:46]}
{[%emt 00:02:45]} 22. Qe3 {[%clk 00:31:00]} {[%emt 00:08:36]} Rg4 {[%clk
00:41:54]} {[%emt 00:03:22]} 23. Qxg5 {[%clk 00:30:37]} {[%emt 00:00:54]} Rxg5
{[%clk 00:42:17]} {[%emt 00:00:06]} 24. g3 {[%clk 00:29:38]} {[%emt 00:01:30]}
Nh4 {[%clk 00:32:40]} {[%emt 00:10:06]} 25. Re3 {[%clk 00:28:51]} {[%emt
00:01:15]} Nf5 {[%clk 00:27:22]} {[%emt 00:05:51]} 26. Rf3 {[%clk 00:24:35]}
{[%emt 00:04:40]} Re8 {[%clk 00:27:38]} {[%emt 00:00:19]} 27. Kf1 {[%clk
00:21:47]} {[%emt 00:03:16]} Rh5 {[%clk 00:22:35]} {[%emt 00:05:34]} 28. Nc2
{[%clk 00:17:10]} {[%emt 00:05:08]} Nh6 {[%clk 00:21:30]} {[%emt 00:01:36]} 29.
h4 {[%clk 00:16:01]} {[%emt 00:01:38]} Ng4 {[%clk 00:18:26]} {[%emt 00:03:35]}
30. Kg2 {[%clk 00:15:07]} {[%emt 00:01:20]} Re4 {[%clk 00:15:49]} {[%emt
00:03:10]} 31. Ne3 {[%clk 00:13:49]} {[%emt 00:01:46]} Nf6 {[%clk 00:12:46]}
{[%emt 00:03:35]} 32. Rd1 {[%clk 00:10:37]} {[%emt 00:03:39]} 1/2-1/2

[Event "Deutsche Ländermeisterschaft 2023"]
[Site "Hannover GER"]
[Date "2023.10.05"]
[Round "7"]
[White "Voigt, Anastasia"]
[Black "Dodul, Alice"]
[Result "1-0"]
[Termination "normal"]
[Board "6.6"]
[WhiteElo "1925"]
[BlackElo "1414"]
[WhiteClock "00:22:18"]
[BlackClock "00:35:26"]
[WhiteTeam "Sachsen-Anhalt"]
[BlackTeam "Brandenburg"]
[PlyCount "117"]
[WhiteFideId "16235223"]
[BlackFideId "34623817"]
[EventCountry "GER"]
[EventRounds "7"]
[EventType "team-swiss"]
[EventDate "2023.09.30"]

1. e4 {[%clk 01:30:57]} e5 {[%clk 01:30:49]} {[%emt 00:00:12]} 2. Nf3 {[%clk
01:31:23]} {[%emt 00:00:04]} Nc6 {[%clk 01:31:04]} {[%emt 00:00:16]} 3. Bc4
{[%clk 01:31:47]} {[%emt 00:00:05]} Bc5 {[%clk 01:31:20]} {[%emt 00:00:14]} 4.
c3 {[%clk 01:32:10]} {[%emt 00:00:07]} Nf6 {[%clk 01:31:42]} {[%emt 00:00:08]}
5. d3 {[%clk 01:32:35]} {[%emt 00:00:05]} d6 {[%clk 01:31:48]} {[%emt
00:00:25]} 6. O-O {[%clk 01:32:51]} {[%emt 00:00:14]} a5 {[%clk 01:31:50]}
{[%emt 00:00:28]} 7. a4 {[%clk 01:31:11]} {[%emt 00:02:09]} h6 {[%clk
01:30:07]} {[%emt 00:02:14]} 8. Re1 {[%clk 01:27:47]} {[%emt 00:03:53]} O-O
{[%clk 01:29:57]} {[%emt 00:00:40]} 9. h3 {[%clk 01:26:37]} {[%emt 00:01:39]}
Be6 {[%clk 01:29:30]} {[%emt 00:00:58]} 10. Nbd2 {[%clk 01:25:27]} {[%emt
00:01:39]} Nd7 {[%clk 01:26:51]} {[%emt 00:03:11]} 11. Bxe6 {[%clk 01:24:46]}
{[%emt 00:01:11]} fxe6 {[%clk 01:26:58]} {[%emt 00:00:24]} 12. Qb3 {[%clk
01:19:37]} {[%emt 00:05:38]} Qe8 {[%clk 01:19:37]} {[%emt 00:07:51]} 13. Nf1
{[%clk 01:15:40]} {[%emt 00:04:26]} Bb6 {[%clk 01:18:23]} {[%emt 00:01:45]} 14.
Be3 {[%clk 01:13:52]} {[%emt 00:02:17]} Qg6 {[%clk 01:12:08]} {[%emt 00:06:46]}
15. N1d2 {[%clk 01:09:54]} {[%emt 00:04:27]} Rae8 {[%clk 01:07:46]} {[%emt
00:04:54]} 16. Kh1 {[%clk 01:04:28]} {[%emt 00:05:56]} Bxe3 {[%clk 01:04:00]}
{[%emt 00:04:16]} 17. Rxe3 {[%clk 01:04:08]} {[%emt 00:00:48]} Rb8 {[%clk
01:02:19]} {[%emt 00:02:12]} 18. d4 {[%clk 01:02:38]} {[%emt 00:01:59]} exd4
{[%clk 00:59:27]} {[%emt 00:03:24]} 19. cxd4 {[%clk 01:03:00]} {[%emt
00:00:08]} Ne7 {[%clk 00:58:30]} {[%emt 00:01:27]} 20. Rc1 {[%clk 01:02:22]}
{[%emt 00:01:06]} c5 {[%clk 00:55:57]} {[%emt 00:03:05]} 21. Qd3 {[%clk
00:45:00]} {[%emt 00:17:50]} cxd4 {[%clk 00:51:56]} {[%emt 00:04:32]} 22. Qxd4
{[%clk 00:44:17]} {[%emt 00:01:12]} e5 {[%clk 00:51:52]} {[%emt 00:00:35]} 23.
Qc4+ {[%clk 00:43:33]} {[%emt 00:01:13]} Kh7 {[%clk 00:49:20]} {[%emt
00:03:04]} 24. Nb3 {[%clk 00:36:51]} {[%emt 00:07:11]} Rfc8 {[%clk 00:44:51]}
{[%emt 00:04:59]} 25. Qf1 {[%clk 00:34:55]} {[%emt 00:02:24]} Rxc1 {[%clk
00:41:19]} {[%emt 00:04:04]} 26. Qxc1 {[%clk 00:32:25]} {[%emt 00:03:00]} Rc8
{[%clk 00:40:31]} {[%emt 00:01:19]} 27. Qd1 {[%clk 00:29:47]} {[%emt 00:03:06]}
Nc6 {[%clk 00:37:10]} {[%emt 00:03:52]} 28. Nh4 {[%clk 00:26:29]} {[%emt
00:03:46]} Qe6 {[%clk 00:34:48]} {[%emt 00:02:55]} 29. Nf5 {[%clk 00:24:35]}
{[%emt 00:02:22]} Rf8 {[%clk 00:31:36]} {[%emt 00:03:43]} 30. f3 {[%clk
00:22:08]} {[%emt 00:02:56]} Nc5 {[%clk 00:27:30]} {[%emt 00:04:37]} 31. Qxd6
{[%clk 00:15:23]} {[%emt 00:07:14]} Qxd6 {[%clk 00:26:06]} {[%emt 00:01:55]}
32. Nxd6 {[%clk 00:15:43]} {[%emt 00:00:09]} Nxa4 {[%clk 00:24:28]} {[%emt
00:02:08]} 33. Nxb7 {[%clk 00:15:59]} {[%emt 00:00:14]} Ra8 {[%clk 00:22:55]}
{[%emt 00:02:03]} 34. Re2 {[%clk 00:14:16]} {[%emt 00:02:12]} Ra7 {[%clk
00:22:09]} {[%emt 00:01:18]} 35. N7c5 {[%clk 00:13:43]} {[%emt 00:01:00]} Nxc5
{[%clk 00:20:40]} {[%emt 00:02:01]} 36. Nxc5 {[%clk 00:14:06]} {[%emt
00:00:08]} Rc7 {[%clk 00:19:55]} {[%emt 00:01:14]} 37. Nd3 {[%clk 00:13:42]}
{[%emt 00:00:52]} Rd7 {[%clk 00:19:03]} {[%emt 00:01:25]} 38. Nf2 {[%clk
00:12:54]} {[%emt 00:01:16]} h5 {[%clk 00:18:15]} {[%emt 00:01:19]} 39. h4
{[%clk 00:12:10]} {[%emt 00:01:14]} g6 {[%clk 00:17:02]} {[%emt 00:01:44]} 40.
Kg1 {[%clk 00:11:35]} {[%emt 00:01:03]} Kg7 {[%clk 00:17:00]} {[%emt 00:00:33]}
41. Rc2 {[%clk 00:10:36]} {[%emt 00:01:28]} Rd6 {[%clk 00:16:59]} {[%emt
00:00:33]} 42. Kf1 {[%clk 00:09:24]} {[%emt 00:01:39]} Kf6 {[%clk 00:17:02]}
{[%emt 00:00:29]} 43. Rc5 {[%clk 00:08:29]} {[%emt 00:01:23]} g5 {[%clk
00:15:35]} {[%emt 00:01:59]} 44. hxg5+ {[%clk 00:04:37]} {[%emt 00:04:22]} Kxg5
{[%clk 00:15:55]} {[%emt 00:00:10]} 45. g3 {[%clk 00:04:19]} {[%emt 00:00:47]}
Kg6 {[%clk 00:13:49]} {[%emt 00:02:37]} 46. f4 {[%clk 00:03:14]} {[%emt
00:01:34]} Kf6 {[%clk 00:12:01]} {[%emt 00:02:19]} 47. fxe5+ {[%clk 00:02:08]}
{[%emt 00:01:36]} Nxe5 {[%clk 00:12:18]} {[%emt 00:00:13]} 48. Rxa5 {[%clk
00:02:11]} {[%emt 00:00:26]} Rb6 {[%clk 00:11:52]} {[%emt 00:00:57]} 49. Nd1
{[%clk 00:01:23]} {[%emt 00:01:16]} Rb4 {[%clk 00:11:38]} {[%emt 00:00:46]} 50.
Ra6+ {[%clk 00:28:04]} {[%emt 00:03:49]} Kf7 {[%clk 00:40:44]} {[%emt
00:01:24]} 51. Rh6 {[%clk 00:24:32]} {[%emt 00:03:59]} Rxe4 {[%clk 00:39:21]}
{[%emt 00:01:56]} 52. Rxh5 {[%clk 00:23:58]} {[%emt 00:01:04]} Nd3 {[%clk
00:39:37]} {[%emt 00:00:14]} 53. Rh1 {[%clk 00:21:57]} {[%emt 00:02:26]} Re1+
{[%clk 00:37:58]} {[%emt 00:02:13]} 54. Kg2 {[%clk 00:22:20]} {[%emt 00:00:07]}
Re2+ {[%clk 00:38:13]} {[%emt 00:00:16]} 55. Kf3 {[%clk 00:22:12]} {[%emt
00:00:36]} Rc2 {[%clk 00:38:18]} {[%emt 00:00:27]} 56. b3 {[%clk 00:21:42]}
{[%emt 00:01:00]} Nb2 {[%clk 00:35:14]} {[%emt 00:03:34]} 57. Nxb2 {[%clk
00:21:35]} {[%emt 00:00:38]} Rxb2 {[%clk 00:35:38]} {[%emt 00:00:05]} 58. Rh7+
{[%clk 00:21:57]} {[%emt 00:00:07]} Kf6 {[%clk 00:35:26]} {[%emt 00:00:43]} 59.
Rb7 {[%clk 00:22:18]} {[%emt 00:00:09]} 1-0

[Event "Deutsche Ländermeisterschaft 2023"]
[Site "Hannover GER"]
[Date "2023.10.05"]
[Round "7"]
[White "Heuberger, Sandra"]
[Black "Shevchenko, Igor"]
[Result "0-1"]
[Termination "normal"]
[Board "6.7"]
[WhiteElo "1271"]
[BlackElo "1521"]
[WhiteClock "00:26:11"]
[BlackClock "00:41:52"]
[WhiteTeam "Brandenburg"]
[BlackTeam "Sachsen-Anhalt"]
[PlyCount "130"]
[WhiteFideId "16232151"]
[BlackFideId "34634924"]
[EventCountry "GER"]
[EventRounds "7"]
[EventType "team-swiss"]
[EventDate "2023.09.30"]

1. d4 {[%clk 01:30:56]} {[%emt 00:00:03]} Nf6 {[%clk 01:30:31]} {[%emt
00:00:29]} 2. c4 {[%clk 01:31:07]} {[%emt 00:00:19]} e6 {[%clk 01:30:42]}
{[%emt 00:00:19]} 3. Nc3 {[%clk 01:31:14]} {[%emt 00:00:23]} Bb4 {[%clk
01:30:55]} {[%emt 00:00:17]} 4. Bg5 {[%clk 01:30:31]} {[%emt 00:01:13]} h6
{[%clk 01:30:51]} {[%emt 00:00:35]} 5. Bh4 {[%clk 01:28:17]} {[%emt 00:02:43]}
d5 {[%clk 01:30:18]} {[%emt 00:01:03]} 6. cxd5 {[%clk 01:27:34]} {[%emt
00:01:14]} exd5 {[%clk 01:29:16]} {[%emt 00:01:32]} 7. e3 {[%clk 01:25:34]}
{[%emt 00:02:29]} c6 {[%clk 01:28:35]} {[%emt 00:01:12]} 8. Bd3 {[%clk
01:24:54]} {[%emt 00:01:09]} O-O {[%clk 01:28:49]} {[%emt 00:00:16]} 9. Nf3
{[%clk 01:23:43]} {[%emt 00:01:40]} Re8 {[%clk 01:28:39]} {[%emt 00:00:41]} 10.
O-O {[%clk 01:23:13]} {[%emt 00:01:00]} Nbd7 {[%clk 01:27:49]} {[%emt
00:01:20]} 11. a3 {[%clk 01:22:12]} {[%emt 00:01:31]} Be7 {[%clk 01:27:51]}
{[%emt 00:00:28]} 12. b4 {[%clk 01:20:38]} {[%emt 00:02:04]} a6 {[%clk
01:27:08]} {[%emt 00:01:13]} 13. Rb1 {[%clk 01:19:35]} {[%emt 00:01:33]} Nf8
{[%clk 01:26:35]} {[%emt 00:01:03]} 14. a4 {[%clk 01:18:18]} {[%emt 00:01:47]}
Bd7 {[%clk 01:16:43]} {[%emt 00:10:23]} 15. b5 {[%clk 01:14:17]} {[%emt
00:04:30]} axb5 {[%clk 01:04:45]} {[%emt 00:12:29]} 16. axb5 {[%clk 01:13:42]}
{[%emt 00:01:05]} cxb5 {[%clk 01:04:46]} {[%emt 00:00:29]} 17. Nxb5 {[%clk
01:12:10]} {[%emt 00:02:02]} Bc6 {[%clk 01:04:41]} {[%emt 00:00:36]} 18. Ne5
{[%clk 01:09:38]} {[%emt 00:03:00]} N8d7 {[%clk 00:54:56]} {[%emt 00:10:16]}
19. Bg3 {[%clk 01:01:54]} {[%emt 00:08:14]} Nxe5 {[%clk 00:54:18]} {[%emt
00:01:08]} 20. dxe5 {[%clk 00:57:40]} {[%emt 00:04:45]} Ne4 {[%clk 00:52:13]}
{[%emt 00:02:34]} 21. Qe1 {[%clk 00:49:45]} {[%emt 00:08:24]} Bf8 {[%clk
00:47:01]} {[%emt 00:05:43]} 22. f3 {[%clk 00:48:19]} {[%emt 00:01:56]} Nxg3
{[%clk 00:46:57]} {[%emt 00:00:34]} 23. Qxg3 {[%clk 00:48:29]} {[%emt
00:00:19]} Be7 {[%clk 00:44:16]} {[%emt 00:03:12]} 24. f4 {[%clk 00:46:07]}
{[%emt 00:02:52]} Qd7 {[%clk 00:38:40]} {[%emt 00:06:04]} 25. Nd4 {[%clk
00:45:46]} {[%emt 00:00:50]} Bf8 {[%clk 00:35:49]} {[%emt 00:03:23]} 26. f5
{[%clk 00:43:52]} {[%emt 00:02:25]} Qc7 {[%clk 00:33:32]} {[%emt 00:02:45]} 27.
Nf3 {[%clk 00:34:36]} {[%emt 00:09:48]} Ra3 {[%clk 00:32:57]} {[%emt 00:01:03]}
28. Rbd1 {[%clk 00:33:44]} {[%emt 00:01:13]} Ba4 {[%clk 00:32:06]} {[%emt
00:01:31]} 29. Rc1 {[%clk 00:31:51]} {[%emt 00:02:18]} Qb6 {[%clk 00:31:36]}
{[%emt 00:01:02]} 30. Ne1 {[%clk 00:30:10]} {[%emt 00:02:14]} d4 {[%clk
00:29:05]} {[%emt 00:03:02]} 31. e4 {[%clk 00:28:58]} {[%emt 00:01:42]} Qa5
{[%clk 00:27:02]} {[%emt 00:02:28]} 32. e6 {[%clk 00:26:27]} {[%emt 00:03:05]}
fxe6 {[%clk 00:27:16]} {[%emt 00:00:16]} 33. fxe6 {[%emt 00:02:43]} Qd2 {[%clk
00:25:27]} 34. Qc7 {[%clk 00:19:40]} {[%emt 00:07:21]} Qe3+ {[%clk 00:24:04]}
{[%emt 00:01:53]} 35. Kh1 {[%clk 00:19:32]} {[%emt 00:00:39]} Bd6 {[%clk
00:19:09]} {[%emt 00:05:24]} 36. Qf7+ {[%clk 00:15:52]} {[%emt 00:04:10]} Kh8
{[%clk 00:19:09]} {[%emt 00:00:32]} 37. e5 {[%clk 00:14:06]} {[%emt 00:02:16]}
Qxe5 {[%clk 00:17:57]} {[%emt 00:01:41]} 38. Nf3 {[%clk 00:07:59]} {[%emt
00:06:37]} Qe3 {[%clk 00:13:09]} {[%emt 00:05:18]} 39. Bb1 {[%clk 00:05:10]}
{[%emt 00:03:19]} d3 {[%clk 00:09:20]} {[%emt 00:04:19]} 40. Nh4 {[%clk
00:03:31]} {[%emt 00:02:09]} Qxe6 {[%clk 00:05:35]} {[%emt 00:04:14]} 41. Ng6+
{[%clk 00:00:47]} {[%emt 00:03:14]} Kh7 {[%clk 00:05:57]} {[%emt 00:00:10]} 42.
Qxe6 {[%clk 00:00:36]} {[%emt 00:00:40]} Rxe6 {[%clk 00:06:21]} {[%emt
00:00:06]} 43. Nf4 {[%clk 00:00:33]} {[%emt 00:00:33]} Bxf4 {[%clk 00:06:36]}
{[%emt 00:00:16]} 44. Rxf4 {[%clk 00:00:40]} {[%emt 00:00:21]} Rc3 {[%clk
00:06:34]} {[%emt 00:00:33]} 45. Rg1 {[%clk 00:30:06]} {[%emt 00:01:03]} Bc2
{[%clk 00:36:54]} {[%emt 00:00:11]} 46. Ba2 {[%clk 00:29:51]} {[%emt 00:00:44]}
Rd6 {[%clk 00:36:30]} {[%emt 00:00:55]} 47. Rf3 {[%clk 00:29:13]} {[%emt
00:01:07]} Rc5 {[%clk 00:35:53]} {[%emt 00:01:08]} 48. h3 {[%clk 00:26:29]}
{[%emt 00:03:15]} d2 {[%clk 00:35:59]} {[%emt 00:00:23]} 49. Kh2 {[%clk
00:25:18]} {[%emt 00:01:40]} d1=Q {[%clk 00:36:19]} {[%emt 00:00:11]} 50. Rxd1
{[%clk 00:25:11]} {[%emt 00:00:37]} Rxd1 {[%emt 00:00:05]} 51. Rf7 {[%clk
00:25:01]} {[%emt 00:00:37]} b5 {[%clk 00:36:59]} {[%emt 00:00:18]} 52. Rb7
{[%clk 00:25:01]} {[%emt 00:00:29]} Be4 {[%clk 00:36:54]} {[%emt 00:00:35]} 53.
Re7 {[%clk 00:24:22]} {[%emt 00:01:08]} Rd2 {[%clk 00:37:13]} {[%emt 00:00:12]}
54. Rxe4 {[%clk 00:24:15]} {[%emt 00:00:37]} Rxa2 {[%clk 00:37:35]} {[%emt
00:00:09]} 55. Rb4 {[%clk 00:24:29]} {[%emt 00:00:16]} Rcc2 {[%clk 00:37:46]}
{[%emt 00:00:19]} 56. Rxb5 {[%clk 00:24:21]} {[%emt 00:00:38]} Rxg2+ {[%clk
00:38:08]} {[%emt 00:00:08]} 57. Kh1 {[%clk 00:24:46]} {[%emt 00:00:05]} Rgb2
{[%clk 00:38:29]} {[%emt 00:00:09]} 58. Rxb2 {[%clk 00:24:47]} {[%emt
00:00:29]} Rxb2 {[%clk 00:38:54]} {[%emt 00:00:05]} 59. Kg1 {[%clk 00:24:55]}
{[%emt 00:00:21]} Kg6 {[%clk 00:39:19]} {[%emt 00:00:05]} 60. Kh1 {[%clk
00:24:49]} {[%emt 00:00:35]} Kf5 {[%clk 00:39:46]} {[%emt 00:00:04]} 61. h4
{[%clk 00:24:54]} {[%emt 00:00:25]} Kg4 {[%clk 00:40:09]} {[%emt 00:00:07]} 62.
Kg1 {[%clk 00:25:11]} {[%emt 00:00:12]} Kf3 {[%clk 00:40:35]} {[%emt 00:00:03]}
63. h5 {[%clk 00:25:29]} {[%emt 00:00:13]} Rd2 {[%clk 00:41:00]} {[%emt
00:00:04]} 64. Kh1 {[%clk 00:25:46]} {[%emt 00:00:14]} Kg3 {[%clk 00:41:26]}
{[%emt 00:00:04]} 65. Kg1 {[%clk 00:26:11]} {[%emt 00:00:04]} Rd1# {[%clk
00:41:52]} {[%emt 00:00:04]} 0-1

[Event "Deutsche Ländermeisterschaft 2023"]
[Site "Hannover GER"]
[Date "2023.10.05"]
[Round "7"]
[White "Rössling, Laura Marie"]
[Black "Börner, Emma Charlotte"]
[Result "1-0"]
[Termination "normal"]
[Board "6.8"]
[WhiteElo "1285"]
[BlackElo "1107"]
[WhiteClock "01:07:55"]
[BlackClock "00:43:27"]
[WhiteTeam "Sachsen-Anhalt"]
[BlackTeam "Brandenburg"]
[PlyCount "107"]
[WhiteFideId "16289471"]
[BlackFideId "34637907"]
[EventCountry "GER"]
[EventRounds "7"]
[EventType "team-swiss"]
[EventDate "2023.09.30"]

1. e4 {[%clk 01:30:56]} {[%emt 00:00:03]} c5 {[%clk 01:30:50]} {[%emt
00:00:09]} 2. Nf3 {[%clk 01:31:18]} {[%emt 00:00:09]} Nc6 {[%clk 01:31:10]}
{[%emt 00:00:11]} 3. d4 {[%clk 01:31:32]} {[%emt 00:00:15]} cxd4 {[%clk
01:31:29]} {[%emt 00:00:11]} 4. Nxd4 {[%clk 01:31:47]} {[%emt 00:00:15]} Nf6
{[%clk 01:31:46]} {[%emt 00:00:14]} 5. Nc3 {[%clk 01:31:57]} {[%emt 00:00:19]}
e5 {[%clk 01:31:58]} {[%emt 00:00:18]} 6. Ndb5 {[%clk 01:31:09]} {[%emt
00:01:17]} d6 {[%clk 01:32:11]} {[%emt 00:00:16]} 7. Bg5 {[%clk 01:30:59]}
{[%emt 00:00:38]} a6 {[%clk 01:31:47]} {[%emt 00:00:57]} 8. Na3 {[%clk
01:31:13]} {[%emt 00:00:16]} b5 {[%clk 01:30:42]} {[%emt 00:01:36]} 9. Nd5
{[%clk 01:31:22]} {[%emt 00:00:16]} Be7 {[%clk 01:30:44]} {[%emt 00:00:32]} 10.
Bxf6 {[%clk 01:31:22]} {[%emt 00:00:30]} Bxf6 {[%clk 01:30:46]} {[%emt
00:00:27]} 11. c3 {[%clk 01:31:33]} {[%emt 00:00:20]} O-O {[%clk 01:30:41]}
{[%emt 00:00:36]} 12. Nc2 {[%clk 01:31:49]} {[%emt 00:00:12]} Be6 {[%clk
01:29:40]} {[%emt 00:01:32]} 13. Nce3 {[%clk 01:31:05]} {[%emt 00:01:03]} Bg5
{[%clk 01:28:25]} {[%emt 00:01:55]} 14. Be2 {[%clk 01:23:10]} {[%emt 00:08:20]}
Bxe3 {[%clk 01:27:17]} {[%emt 00:01:45]} 15. Nxe3 {[%clk 01:22:47]} {[%emt
00:00:52]} Qe7 {[%clk 01:23:26]} {[%emt 00:04:22]} 16. O-O {[%clk 01:22:07]}
{[%emt 00:01:11]} Rad8 {[%clk 01:21:09]} {[%emt 00:02:46]} 17. Nd5 {[%clk
01:19:52]} {[%emt 00:02:31]} Qg5 {[%clk 01:18:43]} {[%emt 00:03:08]} 18. Qd3
{[%clk 01:12:01]} {[%emt 00:08:10]} h6 {[%clk 01:14:30]} {[%emt 00:04:56]} 19.
Qf3 {[%clk 01:07:05]} {[%emt 00:05:19]} Bg4 {[%clk 01:10:02]} {[%emt 00:05:04]}
20. Qxg4 {[%clk 01:05:49]} {[%emt 00:01:47]} Qxg4 {[%clk 01:09:52]} {[%emt
00:00:39]} 21. Bxg4 {[%clk 01:06:04]} {[%emt 00:00:14]} g6 {[%clk 01:08:55]}
{[%emt 00:01:26]} 22. Rfd1 {[%clk 01:05:21]} {[%emt 00:01:13]} Kg7 {[%clk
01:07:48]} {[%emt 00:01:38]} 23. Nc7 {[%clk 01:04:23]} {[%emt 00:01:25]} h5
{[%clk 01:06:24]} {[%emt 00:01:58]} 24. Be2 {[%clk 01:04:32]} {[%emt 00:00:20]}
Nb8 {[%clk 01:04:39]} {[%emt 00:02:15]} 25. a4 {[%clk 01:04:35]} {[%emt
00:00:30]} Rd7 {[%clk 01:02:22]} {[%emt 00:02:46]} 26. Nd5 {[%clk 01:04:35]}
{[%emt 00:00:25]} bxa4 {[%clk 01:02:19]} {[%emt 00:00:37]} 27. Rxa4 {[%clk
01:04:51]} {[%emt 00:00:15]} Ra7 {[%clk 01:01:25]} {[%emt 00:01:22]} 28. Rda1
{[%clk 01:04:44]} {[%emt 00:00:38]} Rd8 {[%clk 01:00:45]} {[%emt 00:01:10]} 29.
Bxa6 {[%clk 01:04:26]} {[%emt 00:00:50]} Nxa6 {[%clk 01:00:27]} {[%emt
00:00:48]} 30. Rxa6 {[%clk 01:04:48]} {[%emt 00:00:08]} Rb7 {[%clk 01:00:17]}
{[%emt 00:00:39]} 31. Rb6 {[%clk 01:04:54]} {[%emt 00:00:22]} Rdb8 {[%clk
01:00:15]} {[%emt 00:00:35]} 32. Rxb7 {[%clk 01:05:10]} {[%emt 00:00:14]} Rxb7
{[%clk 01:00:27]} {[%emt 00:00:18]} 33. b4 {[%clk 01:05:36]} {[%emt 00:00:04]}
g5 {[%clk 00:58:56]} {[%emt 00:02:01]} 34. c4 {[%clk 01:05:26]} {[%emt
00:00:40]} Kg6 {[%clk 00:57:14]} {[%emt 00:02:07]} 35. Ra6 {[%clk 01:05:36]}
{[%emt 00:00:25]} Rd7 {[%clk 00:55:41]} {[%emt 00:02:03]} 36. b5 {[%clk
01:05:31]} {[%emt 00:00:36]} Rd8 {[%clk 00:54:51]} {[%emt 00:01:17]} 37. Kf1
{[%clk 01:05:11]} {[%emt 00:00:51]} f6 {[%clk 00:53:56]} {[%emt 00:01:27]} 38.
b6 {[%clk 01:05:20]} {[%emt 00:00:20]} Rd7 {[%clk 00:52:30]} {[%emt 00:01:55]}
39. Ra7 {[%clk 01:05:38]} {[%emt 00:00:13]} Rd8 {[%clk 00:52:29]} {[%emt
00:00:29]} 40. b7 {[%clk 01:05:58]} {[%emt 00:00:12]} Rb8 {[%clk 00:52:31]}
{[%emt 00:00:26]} 41. Nc7 {[%clk 01:06:11]} {[%emt 00:00:19]} h4 {[%clk
00:50:56]} {[%emt 00:02:04]} 42. Na6 {[%clk 01:06:35]} {[%emt 00:00:07]} Rxb7
{[%clk 00:51:18]} {[%emt 00:00:07]} 43. Rxb7 {[%clk 01:06:55]} {[%emt
00:00:10]} f5 {[%clk 00:51:09]} {[%emt 00:00:39]} 44. Rb6 {[%emt 00:00:21]}
fxe4 {[%clk 00:51:09]} {[%emt 00:00:29]} 45. Rxd6+ {[%clk 01:07:30]} {[%emt
00:00:05]} Kf5 {[%clk 00:47:50]} {[%emt 00:03:48]} 46. c5 {[%clk 01:07:47]}
{[%emt 00:00:14]} Kf4 {[%clk 00:44:40]} {[%emt 00:03:40]} 47. c6 {[%clk
01:06:54]} {[%emt 00:01:24]} e3 {[%clk 00:44:55]} {[%emt 00:00:12]} 48. fxe3+
{[%clk 01:07:14]} {[%emt 00:00:12]} Kxe3 {[%clk 00:45:08]} {[%emt 00:00:16]}
49. c7 {[%clk 01:07:00]} {[%emt 00:00:45]} e4 {[%emt 00:00:21]} 50. c8=Q {[%emt
00:00:29]} Kf4 {[%clk 00:44:26]} {[%emt 00:00:21]} 51. Rf6+ {[%clk 01:07:08]}
{[%emt 00:00:23]} Ke5 {[%clk 00:43:32]} {[%emt 00:01:23]} 52. Rf5+ {[%clk
01:07:10]} {[%emt 00:00:27]} Kd4 {[%clk 00:43:34]} {[%emt 00:00:28]} 53. Qc5+
{[%clk 01:07:27]} {[%emt 00:00:10]} Kd3 {[%clk 00:43:27]} {[%emt 00:00:42]} 54.
Rd5# {[%clk 01:07:55]} {[%emt 00:00:03]} 1-0